[Event "Bretagne-ch U16"]
[Site "Ploermel"]
[Date "2007.02.14"]
[Round "2"]
[White "Chetail, Guillaume"]
[Black "Le Du, Aurelien"]
[Result "1-0"]
[WhiteElo "1710"]
[BlackElo "1600"]
[PlyCount "61"]
[EventDate "2007.02.13"]
[EventType "tourn"]
[EventRounds "6"]
[EventCountry "FRA"]
[SourceTitle "EXT 2008"]
[Source "ChessBase"]
[SourceDate "2007.11.25"]
[SourceVersion "1"]
[SourceVersionDate "2007.11.25"]
[SourceQuality "1"]

1. e4 c5 2. Nf3 d6 3. d4 cxd4 4. Nxd4 Nf6 5. Nc3 a6 6. Bg5 e6 7. Be2 Be7 8. Qd2 Nbd7 9. 0-0 0-0 10. Rad1 b5 11. Nc6 Qe8 12. Nxe7+ Qxe7 13. Qxd6 Qxd6 14. Rxd6 b4 15. Bxf6 Nxf6 16. Nb1 Nxe4 17. Rd4 Nc5 18. Rc4 Na4 19. Rxb4 Bd7 20. b3 Nc5 21. Bf3 a5 22. Rd4 Ra7 23. Rfd1 Rb8 24. Na3 Be8 25. c3 Nxb3 26. axb3 Rxb3 27. Rd8 Kf8 28. Bc6 Re7 29. Nb5 a4 30. h3 a3 31. Ra1 1-0